[Event "Cairo Masters op"]
[Site "Cairo"]
[Date "2014.02.20"]
[Round "1"]
[White "Abdelmenaem, Sohayla"]
[Black "Atea, Khaled"]
[Result "1/2-1/2"]
[WhiteElo "1746"]
[BlackElo "2203"]
[PlyCount "54"]
[EventDate "2014.02.20"]
[EventType "swiss"]
[EventRounds "9"]
[EventCountry "EGY"]
[SourceTitle "EXT 2015"]
[Source "ChessBase"]
[SourceDate "2014.11.20"]
[SourceVersion "1"]
[SourceVersionDate "2014.11.20"]
[SourceQuality "1"]

1. d4 e6 2. c4 Bb4+ 3. Nd2 d5 4. e3 c6 5. Ngf3 Nd7 6. Bd3 f5 7. 0-0 g6 8. a3 Bd6 9. b3 Ngf6 10. Bb2 Ne4 11. Ne5 Nxd2 12. Qxd2 Bxe5 13. dxe5 Nc5 14. Qc2 Nxd3 15. Qxd3 0-0 16. cxd5 cxd5 17. a4 Rf7 18. Rfc1 Bd7 19. f4 Rc8 20. Qd4 a6 21. Rxc8 Bxc8 22. Rc1 Rc7 23. Rc5 b6 24. Rc3 Rxc3 25. Qxc3 Bb7 26. Ba3 d4 27. Qxd4 Qxd4 1/2-1/2

[Event "Alexandria op 18th"]
[Site "Alexandria"]
[Date "2012.09.03"]
[Round "8"]
[White "Atea, Khaled"]
[Black "Hussain, Abdel Naser"]
[Result "1-0"]
[WhiteElo "2207"]
[BlackElo "1855"]
[PlyCount "63"]
[EventDate "2012.08.27"]
[EventType "swiss"]
[EventRounds "9"]
[EventCountry "EGY"]
[SourceTitle "CBM 150 Extra"]
[Source "ChessBase"]
[SourceDate "2012.10.19"]
[SourceVersion "1"]
[SourceVersionDate "2012.10.19"]
[SourceQuality "1"]

1. d4 d5 2. c4 c6 3. Nf3 Nf6 4. Nc3 g6 5. Qb3 Bg7 6. Bf4 0-0 7. e3 a6 8. a4 e6 9. h3 Nbd7 10. a5 b5 11. axb6 Nxb6 12. c5 Nbd7 13. Qa4 Bb7 14. g4 Ne4 15. Nxe4 dxe4 16. Ne5 Nf6 17. Nxc6 Qd7 18. Na5 Bd5 19. Nc4 Bc6 20. Qc2 Nd5 21. Bd6 Rfc8 22. Qd2 f5 23. Be2 Bb5 24. b3 Rf8 25. Bxf8 Rxf8 26. Nd6 f4 27. Bxb5 axb5 28. Nxe4 fxe3 29. fxe3 Rf3 30. Ra8+ Bf8 31. Qe2 Qc7 32. Ng5 1-0